<?xml version="1.0" encoding="UTF-8"?>
<record
    xmlns:xsi="http://www.w3.org/2001/XMLSchema-instance"
    xsi:schemaLocation="http://www.loc.gov/MARC21/slim http://www.loc.gov/standards/marcxml/schema/MARC21slim.xsd"
    xmlns="http://www.loc.gov/MARC21/slim">

  <leader>00393    a2200109   4500</leader>
  <controlfield tag="001">ART_42078</controlfield>
  <controlfield tag="005">20260410161742.0</controlfield>
  <controlfield tag="008">260409a                                 </controlfield>
  <datafield tag="245" ind1="1" ind2="0">
    <subfield code="a">La protecci&#xF3;n constitucional del trabajo en los fallos recientes de la Corte Suprema de Justicia de la Naci&#xF3;n Argentina</subfield>
  </datafield>
  <datafield tag="100" ind1="1" ind2=" ">
    <subfield code="a">Fera, Mario S.</subfield>
  </datafield>
  <datafield tag="773" ind1="0" ind2=" ">
    <subfield code="t">Doctrina laboral</subfield>
    <subfield code="g">- N&#xBA; 320 (abr. 2012)</subfield>
    <subfield code="w">REV4049</subfield>
  </datafield>
  <datafield tag="999" ind1=" " ind2=" ">
    <subfield code="c">18875</subfield>
    <subfield code="d">18875</subfield>
  </datafield>
</record>
